1916 1046 1366 1337 1964 1103 1910 1271 1417 1372 1703 1397 1114 1482 1170 1572 1790 1341 1239 1256 1481 1051 1384 1003 1096 1897 1075 1674 1533 1642 1484 1789 1832 1429 1808 1274 1044 1680 1649 1229 1058 1546 1420 1324 1376 1655 1179 1134 1574 1082 1248 1670 1683 1721 1031 1076 1076 1224 1842 1448 1514 1077 1548 1705 1775 1502 1144 1316 1521 1158 1987 1643 1857 1559 1415 1916 1110 1622 1204 1779 1114 1002 1453 1086 1355 1527 1479 1405 1038 1033 1971 1382 1942 1739 1331 1124 1799 1705 1446 BCNSPRNW ULIB Ver.6.0+V

เปลี่ยนเป็นภาษาไทย

Change to English
 แสดงรายละเอียดบรรณานุกรม
  กลับหน้าหลัก

Brief Record : Get Marc (ISO 2709) : E-mail record : QR code < ปิดหน้าต่าง
LEADER : 00000nam 2200000uu 4500
001    13399121546
003     ULIB
008    121122s2546||||th 000 0 tha d
020    ^a9749507304
024    ^a9789749507308
060 04 ^aWW140^bศ324ต
245 00 ^aตำราจักษุวิทยาเด็กและตาเข /^cโดย ชมรมจักษุวิทยาเด็กและตาเขราชวิทยาลัยจักษุแพทย์แห่งประเทศไทย ; บรรณาธิการ ศักดิ์ชัย วงศกิตติรักษ์, สุดารัตน์ ใหญ่สว่าง
250    ^aพิมพ์ครั้งที่ 1
260    ^aกรุงเทพฯ :^bหมอชาวบ้าน,^c2546
300    ^a(18), 348 หน้า :^bภาพประกอบ (สีบางภาพ) ;^c27 ซม.
504    ^aบรรณานุกรม
591    ^aLIRV มีพิมพ์ครั้งที่ 2 ปี 2546
650  2 ^aOphthalmology
650  2 ^aStrabismus
650  7 ^aจักษุวิทยา^xในวัยทารกและวัยเด็ก
650  7 ^aตา, โรค^xในวัยทารกและวัยเด็ก
650  7 ^aตาเหล่
653    ^aผลงานอาจารย์คณะแพทยศาสตร์ศิริราชพยาบาล
700 0  ^aศักดิ์ชัย วงศกิตติรักษ์,^eบรรณาธิการ
700 0  ^aสุดารัตน์ ใหญ่สว่าง,^eบรรณาธิการ
710 2  ^aราชวิทยาลัยจักษุแพทย์แห่งประเทศไทย.^bชมรมจักษุวิทยาเด็กและตาเข
945    ^p450^l0^i24370
995    ^aวิภา
999 ^a ใช้งานได้ทุกระบบ
รายการนี้ยังไม่มีแท็ก
คุณยังไม่ได้ล็อกอิน คุณสามารถมีกิจกรรมร่วมกับเว็บไซต์ได้ แต่ต้องล็อกอินก่อน ::
  ล็อกอิน

รายการสื่อสารสนเทศ

ลำดับที่ ประเภท เลขเรียก/บาร์โค้ด สถานที่ สถานะ
1. วิทยาศาสตร์การแพทย์ และสุขภาพ
วิทยาศาสตร์การแพทย์ และสุขภาพ
WW140 ศ324ต  
  Barcode: 24370
ห้องสมุดวิทยาเขตสวรรค์ประชารักษ์
►หนังสือทั่วไป
บนชั้น

รายการใกล้เคียง
    หัวเรื่อง [Ophthalmology]

BibComment


ยังไม่เคยถูกคอมเมนท์

คอมเมนท์ทรัพยากรรายการนี้
  คอมเมนท์: ตำราจักษุวิทยาเด..


 Copyright 2026. Bcnsprnw @Library